The popish plot a fair caution to Protestants not to engage in a popish rebellion. A sermon preach'd on Sunday November the 6th, 1715. ... By Charles Lambe.

Bibliographic Details
Main Author: Lambe, Charles, 1679-
Format: eBook
Language:English
Series:Eighteenth century collections online.
Online Access:Full text online

MARC

Tag First Indicator Second Indicator Subfields
LEADER 00000cam a2200000 4500
001 in00001968021
006 m | d |
007 cr |n||||||||n
008 791208s1715 enk|||| s 00| ||eng d
005 20260407192614.1
035 |a (CStRLIN)ESTCT68543 
040 |a Uk-ES  |c Uk-ES  |d CStRLIN  |d Thomson Gale  |d UtOrBLW 
100 1 |a Lambe, Charles,  |d 1679- 
245 1 4 |a The popish plot a fair caution to Protestants not to engage in a popish rebellion. A sermon preach'd on Sunday November the 6th, 1715. ... By Charles Lambe. 
264 3 |a London :  |b printed for Sam. Crouch,  |c 1715. 
300 |a 2 unnumbered pages, 26p. ;  |c 4⁰. 
336 |a text  |b txt  |2 rdacontent 
337 |a computer  |b c  |2 rdamedia 
338 |a online resource  |b cr  |2 rdacarrier 
500 |a With a half-title. 
500 |a Reproduction of original from the British Library. 
510 4 |a English Short Title Catalog,  |c ESTCT68543. 
533 |a Electronic reproduction.  |b Farmington Hills, Mich. :  |c Thomson Gale,  |d 2003.  |n Available via the World Wide Web.  |n Access limited by licensing agreements  |7 s2003 miunns 
500 |a Electronic resource. 
830 0 |a Eighteenth century collections online. 
856 4 0 |u http://proxy.library.tamu.edu/login?url=https://galenet.galegroup.com/servlet/ECCO?c=1&stp=Author&ste=11&af=BN&ae=T068543&tiPG=1&dd=0&dc=flc&docNum=CW122240706&vrsn=1.0&srchtp=a&d4=0.33&n=10&SU=0LRF&locID=txshracd2898  |z Full text online  |t 0 
999 |a MARS 
999 f f |s 4a3d4de8-cfa2-37d9-a271-04afb98671d4  |i 44d63a27-4812-3b90-9466-5a17d9e22177  |t 0 
952 f f |a Texas A&M University  |b College Station  |c Electronic Resources  |s www_evans  |d Available Online  |t 0  |h No information provided 
998 f f |t 0  |l Available Online